00772nam a2200181Ia 4500008004100000020001800041050002200059100002900081245012500110250001700235260004200252300001900294500006800313505009800381650002900479650004300508700003900551120626s2005 mx 000 0 spa d a9789706863621 aT57.6bW6418 200510aWinston, Wayne L.eautor10aInvestigación de operacionesb : aplicaciones y algoritmosc / Wayne L. Winston, traducción de María Bruna Anzures a4a edición3 aMéxicob : Cengage Learningc, 2005 a1418 páginas aTraducido de: operations research : applications and algorithms aApéndice: 1. hoja de resumen de Riak, 2. casos, 3. respuesta a los problemas seleccionados. 0aCOMPUTADORASxALGORITMOS 0aCOMPUTADORASxLENGUAJExPROGRAMACIÓN1 aBruna Anzures, Maríaetraductora